00491nam a2200145Ia 4500008004100000020001800041041000800059082001800067100002700085245011400112250000600226260006500232300001200297650003600309210716s2018 xx 000 0 und d a9789352136926 aeng a621.3821 NAHV aNahavandipoor, Vandad. aIOS 11 swift programming cookbook: solutions and examples for iOS apps.bSolutions and examples for iOS apps. a1 aNew DelhibShroff Publishers and Distributors Pvt Ltdc2018 axvi,628 aCommunication Network(621.3821)